000 00593nam a2200217Ia 4500
001 21131
008 140408s9999 xx 000 0 und d
020 _a0-07-041973-6
040 _cPK-LaUMT
082 _a 515
_bAYR-C
100 _aMendelson, Elliot
245 _aSchaum's outline of calculus
_cMendelson, Elliot<>Ayres, Frank
250 _a4th
260 _aNew York,USA:
_bMcGraw-Hill,
_c1999
300 _a578 p.
500 _a57722 was published by Tata McGraw-Hill in 2005
546 _aEN
650 _aCalculus outlines, syllabi, etc
700 _aAyres, Frank
942 _cBK
999 _c21449
_d21449